00454nam a2200169Ia 4500008004100000100002300041245002600064245002200090260002500112260000900137300003100146440006100177650001600238650001100254650001100265650000800276190423s9999 xx 000 0 und d aHickling, Susannah aChampion of the seas/ cSusannah Hickling bReader's Digest Asia c2018 aPages 48-51, November 2018 aAsia Reader's Digest: Health Truths About Saltsv114:669 aEnvironment aNature aOceans aSea